Pokémon - Bonne orthographe (Génération 4) - Statistiques

Statistiques générales
  • Ce quiz a été pris 20 fois
  • Le résultat moyen est 21 sur 25
Statistiques - réponses
Question Réponse % Correct
Quelle est l'orthographe correcte ? Mime Jr.
100%
Quelle est l'orthographe correcte ? Roserade
100%
Quelle est l'orthographe correcte ? Sancoki
100%
Quelle est l'orthographe correcte ? Baudrive
94%
Quelle est l'orthographe correcte ? Ceriflor
94%
Quelle est l'orthographe correcte ? Crikzik
94%
Quelle est l'orthographe correcte ? Porygon-Z
94%
Quelle est l'orthographe correcte ? Blizzi
89%
Quelle est l'orthographe correcte ? Bouldeneu
89%
Quelle est l'orthographe correcte ? Carchacrok
89%
Quelle est l'orthographe correcte ? Kranidos
89%
Quelle est l'orthographe correcte ? Spiritomb
89%
Quelle est l'orthographe correcte ? Chaffreux
83%
Quelle est l'orthographe correcte ? Écayon
83%
Quelle est l'orthographe correcte ? Élekable
83%
Quelle est l'orthographe correcte ? Manzaï
83%
Quelle est l'orthographe correcte ? Phyllali
83%
Quelle est l'orthographe correcte ? Vortente
83%
Quelle est l'orthographe correcte ? Archéomire
78%
Quelle est l'orthographe correcte ? Cresselia
78%
Quelle est l'orthographe correcte ? Babimanta
72%
Quelle est l'orthographe correcte ? Moufflair
67%
Quelle est l'orthographe correcte ? Papilord
67%
Quelle est l'orthographe correcte ? Mustébouée
50%
Quelle est l'orthographe correcte ? Yanmega
44%
Aucun quiz correspondant
Distribution des résultats
% des personnes avec chaque résultat
Percentile par nombre de réponses
Votre historique - résultats
Vous n’avez pas pris ce quiz